| 000 | 00604nam a22002297a 4500 | ||
|---|---|---|---|
| 003 | UA-OsUOA | ||
| 001 | 30753 | ||
| 007 | ta | ||
| 008 | 20041115b un ||||| |||| 00| 0 ukr d | ||
| 090 |
_a821.161.1 _bЖ42 |
||
| 942 | _cBK | ||
| 040 |
_aUA-OsUOA _brus _cUA-OsUOA _dUA-OsUOA |
||
| 245 |
_aП. И. Чайковский, С. И. Танеева _bПисьма _cРед. В. А.Жданов |
||
| 300 | _a555 с. | ||
| 955 | _a0 | ||
| 041 | _arus | ||
| 080 | _a821.161.1 | ||
| 260 |
_aМосква _bГоскультпросветиздат _c1951 |
||
| 044 | _aRU | ||
| 650 | 7 | _2UDC | |
| 999 |
_c317167 _d317167 |
||